000 01161nam a2200301 i 4500
003 EG-GICUC
005 20260308114138.0
008 260308s2000 -us||||fr|||| 00| 0 eng d
020 _a9041112219
020 _a9789041112217
040 _aEG-GiCUC
_beng
_cEG-GiCUC
_dEG-GiCUC
_erda
082 0 4 _221
_a341.224
092 0 4 _221
099 _aLaw 12 2000
245 0 0 _aArbitral awards of the Cairo regional center for international commercial arbitration /
_cCompiled, translated and annotated by DR. Mohie ElDin I. Alam ElDin ; perface by M. I. M. Aboul-Enein ; English editing and legal commentary by Nudrat B. Majeed.
264 _aThe Hgue ;
_aLondon ;
_aBoston :
_bKluwer law international,
_c2000.
300 _ax, 258 pages ;
_c24 cm
336 _2rda content
_atext
337 _2rda media
_aComputer
338 _2rda carrier
_aOnline Resource
504 _aBibliography: pages 200-250.
650 1 0 _aArbitration and award
_zEgypt
650 1 0 _aInternational commercial arbitration.
700 1 _a Alam ElDin, Mohie ElDin I.
856 4 0 _uhttps://fll.law.cu.edu.eg/fulltext/bks/ENGB12-00065.pdf
905 _a10
942 _2ddc
_cBK
_e21
_n0
999 _c65824
_d65824